Les 13 premiers états des États-Unis - Statistiques

Statistiques générales
  • Ce quiz a été pris 24 192 fois
  • Le résultat moyen est 8 sur 13
Statistiques - réponses
États % Correct
New York
93%
Caroline du Nord
65%
New Jersey
65%
Virginie
65%
Caroline du Sud
64%
Massachusetts
57%
Pennsylvanie
56%
Rhode Island
55%
Connecticut
53%
Delaware
53%
Géorgie
50%
New Hampshire
50%
Maryland
49%
Aucun quiz correspondant
Distribution des résultats
% des personnes avec chaque résultat
Percentile par nombre de réponses
Votre historique - résultats
Vous n’avez pas pris ce quiz